Normal view
MARC view
- Narasimhan M A Ed. Srivathsa B K Ed
Entry Personal Name
001 - CONTROL NUMBER
- control field: 28516
003 - CONTROL NUMBER IDENTIFIER
- control field: OSt
005 - DATE AND TIME OF LATEST TRANSACTION
- control field: 20220803173326.0
008 - FIXED-LENGTH DATA ELEMENTS
- fixed length control field: 220803|| aca||aabn | a|a d
040 ## - CATALOGING SOURCE
- Original cataloging agency: OSt
- Transcribing agency: OSt
100 ## - HEADING--PERSONAL NAME
- Personal name: Narasimhan M A Ed. Srivathsa B K Ed
670 ## - SOURCE DATA FOUND
- Source citation: Work cat.: (OSt)18038: Srivathsa B K Ed. 28514, Science And Technology In India Through The Ages, 2003